| 000 -LEADER |
| fixed length control field |
01161cam a2200361 i 4500 |
| 001 - CONTROL NUMBER |
| control field |
921344140 |
| 003 - CONTROL NUMBER IDENTIFIER |
| control field |
OCoLC |
| 005 - DATE AND TIME OF LATEST TRANSACTION |
| control field |
20210411112747.0 |
| 008 - FIXED-LENGTH DATA ELEMENTS--GENERAL INFORMATION |
| fixed length control field |
150519s2016 maua b 001 0 eng |
| 010 ## - LIBRARY OF CONGRESS CONTROL NUMBER |
| LC control number |
2015941787 |
| 020 ## - INTERNATIONAL STANDARD BOOK NUMBER |
| International Standard Book Number |
9781305268920 |
| 020 ## - INTERNATIONAL STANDARD BOOK NUMBER |
| International Standard Book Number |
130526892X |
| 035 ## - SYSTEM CONTROL NUMBER |
| System control number |
(OCoLC)921344140 |
| Canceled/invalid control number |
(OCoLC)945485711 |
| -- |
(OCoLC)950475137 |
| 040 ## - CATALOGING SOURCE |
| Original cataloging agency |
DLC |
| Language of cataloging |
eng |
| Description conventions |
rda |
| Transcribing agency |
DLC |
| Modifying agency |
SINUS |
| -- |
YDXCP |
| -- |
CLU |
| -- |
AZU |
| -- |
CUX |
| -- |
OCLCF |
| -- |
USU |
| -- |
JHE |
| -- |
CUY |
| -- |
OCL |
| -- |
GUA |
| 042 ## - AUTHENTICATION CODE |
| Authentication code |
pcc |
| 049 ## - LOCAL HOLDINGS (OCLC) |
| Holding library |
YYEA |
| 080 ## - UNIVERSAL DECIMAL CLASSIFICATION NUMBER |
| Universal Decimal Classification number |
57 |
| Item number |
R-79 |
| 096 ## - LOCALLY ASSIGNED NLM-TYPE CALL NUMBER (OCLC) |
| Classification number |
WA 950 R822f 2016 |
| 100 1# - MAIN ENTRY--PERSONAL NAME |
| Personal name |
Rosner, Bernard |
| Fuller form of name |
(Bernard A.) |
| 245 10 - TITLE STATEMENT |
| Title |
Fundamentals of biostatistics / |
| Statement of responsibility, etc. |
Bernard Rosner, Harvard University. |
| 250 ## - EDITION STATEMENT |
| Edition statement |
8th ed. |
| 260 ## - PUBLICATION, DISTRIBUTION, ETC. |
| Place of publication, distribution, etc. |
Boston, MA : |
| Name of publisher, distributor, etc. |
Cengage Learning, |
| Date of publication, distribution, etc. |
[2016] |
| 300 ## - PHYSICAL DESCRIPTION |
| Extent |
xix, 927 pages : index 4 p. |
| Other physical details |
illustrations ; |
| Dimensions |
26 cm. |
| 365 ## - TRADE PRICE |
| Price amount |
84.97 usd |
| 504 ## - BIBLIOGRAPHY, ETC. NOTE |
| Bibliography, etc. note |
Includes bibliographical references and index. |
| 590 ## - LOCAL NOTE (RLIN) |
| Local note |
BOOK TO GO ON RESERVE. |
| 590 ## - LOCAL NOTE (RLIN) |
| Local note |
c.1 Amazon recd 3/16/2017 $90.00. |
| 650 12 - SUBJECT ADDED ENTRY--TOPICAL TERM |
| Topical term or geographic name entry element |
Biometry. |
| 650 12 - SUBJECT ADDED ENTRY--TOPICAL TERM |
| Topical term or geographic name entry element |
Biostatistics. |
| 653 ## - INDEX TERM--UNCONTROLLED |
| Uncontrolled term |
ბიოლოგია |
| 653 ## - INDEX TERM--UNCONTROLLED |
| Uncontrolled term |
ბიოსტატისტიკა |
| 942 ## - ADDED ENTRY ELEMENTS (KOHA) |
| Source of classification or shelving scheme |
|
| Koha item type |
Books |
| Edition |
8 |